| 000 | 00433nam a2200157 4500 | ||
|---|---|---|---|
| 008 | 0 1993 0an 000 0Mex | ||
| 020 | _a970-10-0292-X | ||
| 050 | _aTK454 E3518 | ||
| 082 | _a621.3192 E526c | ||
| 100 | _aEdminister Joseph E. | ||
| 245 | _aCircuitos Electricos / Josep E. Edminister | ||
| 250 | _areimp 1993 | ||
| 260 | _aMexico: McGraw Hill | ||
| 300 | _aVII, 305p, 24cm | ||
| 650 | _a1.CIRCUITOS ELECTRICOS | ||
| 999 |
_c20265 _d20265 |
||